00562nam a2200157 a 450000100100000000500170001000800410002702000150006804000250008308200210010810000330012924500960016225000110025826001070026930000280037600004249520201002040206.0131204s1973 sp a 000 0 spa d a8450058333 aDO-SdBNPbspacBNPHU axxxxbxxxx, 19731 aValentín de la Cruz, Fray.10aAutobiografía del Río arlanza :b(el rio cuenta su vida) /cFray Valentín de la Cruz. a2a ed. aBurgos :b[Institución Fernán González],b[Academia Burgense de Historia y Bellas Artes],c1973. a148 p. :bil. ;c20 cm.